Adopción de las normas internacionales de información financiera en Argentina (Registro nro. 29097)

Detalles MARC
000 -LEADER
fixed length control field 00425 a2200133 4500
001 - CONTROL NUMBER
control field ART_26205
005 - DATE AND TIME OF LATEST TRANSACTION
control field 20260410161937.0
008 - FIXED-LENGTH DATA ELEMENTS--GENERAL INFORMATION
fixed length control field 260409a
100 1# - MAIN ENTRY--PERSONAL NAME
Personal name Martín, Oscar D.
245 10 - TITLE STATEMENT
Title Adopción de las normas internacionales de información financiera en Argentina
700 1# - ADDED ENTRY--PERSONAL NAME
Personal name Nannini, María Susana
700 1# - ADDED ENTRY--PERSONAL NAME
Personal name Vázquez, Claudia Mónica
773 0# - HOST ITEM ENTRY
Title SaberEs
Related parts - Nº 2 (jun. 2010)
Record control number REV26089

No hay ítems disponibles.